[Event "Ladder Tournament #50 Large"]
[Site "SchemingMind.com"]
[Date "2008.02.08"]
[Round "-"]
[White "Theodoric"]
[Black "flodur"]
[Result "0-1"]
[WhiteCountry "ENG"]
[BlackCountry "AUS"]
[WhiteElo "2007"]
[WhiteRD "70"]
[BlackElo "2022"]
[BlackRD "96"]
[GameID "140214"]

1. e4 c5 2. c3 d5 3. exd5 Qxd5 4. d4 Nf6 5. Nf3 e6 6. Bd3 Be7 7. O-O O-O 8. c4 Qd8 9. dxc5 Bxc5 10. Nc3 Nbd7
11. Bg5 Be7 12. Qe2 a6 13. Rad1 Qc7 14. b3 Re8 15. Ne4 Nxe4 16. Bxe4 Bxg5 17. Nxg5 Nf6 18. Bf3 Bd7 19. Rfe1 Bc6 20. Bxc6 Qxc6
21. Nf3 Rad8 22. Qe5 b6 23. h3 h6 24. Kh2 Kf8 25. a3 Rd7 26. Qf4 Rdd8 27. Ne5 Qb7 28. a4 a5 29. Kg1 Ke7 30. Rb1 Rc8
31. b4 axb4 32. Rxb4 Rc5 33. Nd3 Rg5 34. g4 Nd7 35. h4 Ra5 36. Qd4 Qf3 37. Rb5 Rxb5 38. axb5 Qf6 39. Ne5 Nxe5 40. Qxe5 Qxe5
41. Rxe5 Kd6 42. Re4 Kc5 43. g5 Rd8 44. Rf4 Rf8 45. Kf1 h5 46. Ke2 f5 47. Rf3 Rd8 48. Re3 Rd6 49. f4 Kxc4 50. Ra3 e5
51. fxe5 Re6 52. Kf3 g6 53. Kf4 Kxb5 54. Ra2 Kc6 55. Rc2+ Kb7 56. Rb2 Kc7 57. Rb1 Rc6 58. Kf3 Rc3+ 59. Kf4 Rc4+ 60. Kg3 Rg4+
61. Kf3 Rxh4 62. Rc1+ Kd7 63. Rb1 Rg4 64. Rxb6 Rxg5 65. Rd6+ Ke7 66. Ra6 Rg4 67. Ra7+ Ke6 68. Ra8 Kxe5
0-1

[Event "Ladder Tournament #50 Large"]
[Site "SchemingMind.com"]
[Date "2008.02.12"]
[Round "-"]
[White "thefriediceman"]
[Black "krueger"]
[Result "0-1"]
[WhiteCountry "USA"]
[BlackCountry "USA"]
[WhiteElo "1813"]
[WhiteRD "86"]
[BlackElo "2138"]
[BlackRD "91"]
[GameID "141585"]

1. e4 e6 2. d4 d5 3. e5 c5 4. c3 Qb6 5. Nf3 Bd7 6. Be2 cxd4 7. cxd4 Bb5 8. O-O Bxe2 9. Qxe2 Ne7 10. Nc3 Nec6
11. Rd1 Qa6 12. Qb5 Qxb5 13. Nxb5 Na6 14. a3 Kd7 15. Be3 Be7 16. b4 Nc7 17. Nxc7 Kxc7 18. Rdc1 Kd7 19. Rc3 a6 20. h3 f6
21. Rd3 Rac8 22. Rc3 Na7 23. Rxc8 Rxc8 24. Rc1 Nb5 25. Rxc8 Kxc8 26. Bc1 Kd7 27. Nd2 Nxd4 28. exf6 gxf6 29. Kf1 b5 30. f3 Nf5
31. Kf2 Nd6 32. g4 e5 33. Kg3 Nc4 34. h4 Ke6 35. h5 Bd8 36. f4 exf4+ 37. Kxf4 Bc7+ 38. Kf3 Ne5+ 39. Ke2 Nxg4 40. Nb3 Bb6
41. Bf4 d4 42. Bc1 Ne5 43. h6 Kd5 44. Nd2 f5 45. Nf3 d3+ 46. Kd2 Nxf3+ 47. Kxd3 Ne5+ 48. Ke2 Ke4 49. Kd2 Be3+ 50. Kd1 Nd3
0-1

[Event "Ladder Tournament #50 Large"]
[Site "SchemingMind.com"]
[Date "2008.02.12"]
[Round "-"]
[White "krueger"]
[Black "thefriediceman"]
[Result "1-0"]
[WhiteCountry "USA"]
[BlackCountry "USA"]
[WhiteElo "2138"]
[WhiteRD "91"]
[BlackElo "1813"]
[BlackRD "86"]
[GameID "141597"]

1. e4 e5 2. Nf3 Nc6 3. Bb5 a6 4. Ba4 Nf6 5. O-O Be7 6. Re1 b5 7. Bb3 O-O 8. a4 Bb7 9. d3 d6 10. Nc3 Na7
11. Ne2 c5 12. Ng3 Nc6 13. c3 Na5 14. Bc2 c4 15. d4 Qc7 16. Nf5 Bc8 17. Be3 Bxf5 18. exf5 e4 19. Nd2 d5 20. f3 exf3
21. Qxf3 Bd6 22. g4 Ne8 23. Re2 Qc6 24. Ne4 Be7 25. g5 f6 26. g6 h6 27. Qh5 Bd6 28. Nxd6 Nxd6 29. Bxh6 gxh6 30. Re7 Qe8
31. Rae1 Ra7 32. Rxe8 Rxe8 33. Rxe8+ Nxe8 34. Qxh6 Re7 35. Kf2 Nb7 36. Qf4 Nbd6 37. axb5 axb5 38. h4 Ne4+ 39. Bxe4 Rxe4 40. Qb8 Kf8
41. h5 Rh4 42. g7+ Kxg7 43. Qxe8 Rh2+ 44. Kg3 Rxb2 45. h6+
1-0

[Event "Ladder Tournament #50 Large"]
[Site "SchemingMind.com"]
[Date "2008.02.21"]
[Round "-"]
[White "JasonY1982"]
[Black "Erhaem"]
[Result "1-0"]
[WhiteCountry "USA"]
[BlackCountry "NED"]
[WhiteElo "2054"]
[WhiteRD "63"]
[BlackElo "1981"]
[BlackRD "71"]
[GameID "142920"]

1. e4 Nc6 2. d4 d5 3. e5 f6 4. f4 Bf5 5. c3 Qd7 6. Nf3 O-O-O 7. Be2 fxe5 8. fxe5 e6 9. O-O Be7 10. b4 Nh6
11. a4 Rhf8 12. a5 Nf7 13. b5 Nb8 14. Ba3 g5 15. Bxe7 Qxe7 16. Nfd2 Nh6 17. Na3 g4 18. Nb3 g3 19. hxg3 Nd7 20. b6 axb6
21. axb6 Nxb6 22. Nb5 Qg5 23. Nc5 Qe3+ 24. Kh1
1-0

[Event "Ladder Tournament #50 Large"]
[Site "SchemingMind.com"]
[Date "2008.02.21"]
[Round "-"]
[White "Erhaem"]
[Black "JasonY1982"]
[Result "0-1"]
[WhiteCountry "NED"]
[BlackCountry "USA"]
[WhiteElo "1948"]
[WhiteRD "71"]
[BlackElo "2056"]
[BlackRD "63"]
[GameID "142923"]

1. d4 Nf6 2. Nf3 e6 3. Bg5 c5 4. e3 Be7 5. Nbd2 cxd4 6. Nxd4 O-O 7. Bd3 h6 8. Bh4 d5 9. O-O a6 10. c4 dxc4
11. Nxc4 Bd7 12. Ne5 Nd5 13. Bg3 Nc6 14. Ndxc6 Bxc6 15. Nxc6 bxc6 16. Qe2 Qb6 17. e4 Nb4 18. Bc4 c5 19. Rab1 Bf6 20. Rfd1 Bd4
21. Rd2 a5 22. Rbd1 Rfd8 23. Qg4 Nc6 24. Qe2 Be5 25. Bxe5 Nxe5 26. f4 Nc6 27. Rxd8+ Rxd8
0-1

[Event "Ladder Tournament #50 Large"]
[Site "SchemingMind.com"]
[Date "2008.02.23"]
[Round "-"]
[White "Tahur"]
[Black "mmccaffe"]
[Result "1-0"]
[WhiteCountry "ARG"]
[BlackCountry "USA"]
[WhiteElo "1951"]
[WhiteRD "60"]
[BlackElo "1661"]
[BlackRD "51"]
[GameID "143078"]

1. d4 Nf6 2. c4 e6 3. Nc3 Bb4 4. Qc2 O-O 5. Nf3 c5 6. dxc5 Bxc5 7. e3 b6 8. a3 Bb7 9. b4 Be7 10. e4 d6
11. Be2 Nbd7 12. O-O Ba6 13. Rd1 Rc8 14. e5 Ne8 15. exd6 Nxd6 16. Bd3 Nf6 17. Ne5 Qc7 18. Bf4 Nh5 19. Bxh7+ Kh8 20. Bd2 Nxc4
21. Nxc4 Qxc4 22. b5 Bxb5 23. Nxb5 Qxb5 24. Qd3 Qxd3 25. Bxd3 Rfd8 26. Ba6 Bf6 27. Ra2 Rc6 28. Be2 Rcd6 29. Bxh5 Bc3 30. Rc2 Bxd2
31. Bxf7 Bb4 32. Rxd6 Rxd6 33. g4 Bxa3 34. Rc3 Bc5 35. Rh3#
1-0

[Event "Ladder Tournament #50 Large"]
[Site "SchemingMind.com"]
[Date "2008.02.25"]
[Round "-"]
[White "mmccaffe"]
[Black "Tahur"]
[Result "0-1"]
[WhiteCountry "USA"]
[BlackCountry "ARG"]
[WhiteElo "1630"]
[WhiteRD "50"]
[BlackElo "1941"]
[BlackRD "57"]
[GameID "143084"]

1. d4 d5 2. c4 dxc4 3. Nf3 c5 4. e3 cxd4 5. Qxd4 Qxd4 6. Nxd4 e5 7. Nb5 Na6 8. a3 Bd7 9. Bxc4 Rc8 10. Nd2 Rxc4
11. Nxc4 Bxb5 12. Na5 Nc5 13. Kd2 b6
0-1

[Event "Ladder Tournament #50 Large"]
[Site "SchemingMind.com"]
[Date "2008.03.11"]
[Round "-"]
[White "Cruyce"]
[Black "loco61"]
[Result "1-0"]
[WhiteCountry "BEL"]
[BlackCountry "ENG"]
[WhiteElo "2194"]
[WhiteRD "75"]
[BlackElo "1604"]
[BlackRD "65"]
[GameID "145234"]

1. d4 e6 2. Nf3 Nc6 3. g3 Bb4+ 4. c3 Ba5 5. Bg2 Nf6 6. O-O d6 7. a4 a6 8. Nbd2 Bd7 9. Nc4 b5 10. Nxa5 Nxa5
11. Qd3 Nc4 12. b3 Na5 13. Nd2 c6 14. b4 Nb7 15. e4 O-O 16. Re1 d5 17. e5 Nh5 18. Nb3 f6 19. g4 Be8 20. gxh5 Bxh5
21. Bf4 f5 22. axb5 axb5 23. Rxa8 Qxa8 24. Ra1 Qe8 25. Ra7 Rf7 26. Qb1 h6 27. Qa2 g5 28. Bd2 Kg7 29. f4 g4 30. Be1 Qb8
31. Bh4 Nd8 32. Ra8
1-0

[Event "Ladder Tournament #50 Large"]
[Site "SchemingMind.com"]
[Date "2008.03.10"]
[Round "-"]
[White "loco61"]
[Black "Cruyce"]
[Result "0-1"]
[WhiteCountry "ENG"]
[BlackCountry "BEL"]
[WhiteElo "1583"]
[WhiteRD "63"]
[BlackElo "2211"]
[BlackRD "74"]
[GameID "145242"]

1. e4 c5 2. Nf3 d6 3. Bc4 Nf6 4. d3 e6 5. Bg5 Be7 6. Nbd2 O-O 7. O-O Nc6 8. c3 h6 9. Bh4 a6 10. h3 b5
11. Bb3 Bb7 12. a4 Qb6 13. Qe2 Rfe8 14. Rad1 Rad8 15. axb5 axb5 16. e5 dxe5 17. Nxe5 Nxe5 18. Qxe5 Rxd3 19. Bc2 Rd5 20. Qe3 Rdd8
21. b4 Nd5 22. Qd3 Bxh4 23. Qh7+ Kf8 24. Qh8+ Ke7 25. Qxg7 Bf6 26. Qxh6 Rh8 27. Nc4 Rxh6
0-1

[Event "Ladder Tournament #50 Large"]
[Site "SchemingMind.com"]
[Date "2008.03.26"]
[Round "-"]
[White "GrischukFan"]
[Black "montinskij"]
[Result "1-0"]
[WhiteCountry "GER"]
[BlackCountry "USA"]
[WhiteElo "2339"]
[WhiteRD "87"]
[BlackElo "1937"]
[BlackRD "117"]
[GameID "147454"]

1. c4 g6 2. Nc3 Bg7 3. d4 Nf6 4. e4 d6 5. f4 O-O 6. Nf3 c5 7. d5 e6 8. Be2 exd5 9. cxd5 Bg4 10. O-O Nbd7
11. a4 Re8 12. h3 Bxf3 13. Bxf3 Nh5 14. Bxh5 gxh5 15. Qxh5 Bd4+ 16. Kh2 Nf6 17. Qf3 Bxc3 18. Qg3+ Kh8 19. Qxc3 Kg8 20. Qg3+ Kh8
21. b3 Nxe4 22. Bb2+ f6 23. Qh4 Kg8 24. Rae1 f5 25. Qh6 Re7 26. g4 Qf8 27. Qh4 Rae8 28. gxf5 h6 29. Rg1+ Kh7 30. Qh5 Qf7
31. Rg7+ Qxg7 32. Bxg7 Kxg7 33. Qg6+ Kf8 34. f6 Nxf6 35. Qxf6+ Kg8 36. Rxe7 Rxe7 37. Qxe7 a5 38. f5 h5 39. f6
1-0

[Event "Ladder Tournament #50 Large"]
[Site "SchemingMind.com"]
[Date "2008.03.25"]
[Round "-"]
[White "montinskij"]
[Black "GrischukFan"]
[Result "1/2-1/2"]
[WhiteCountry "USA"]
[BlackCountry "GER"]
[WhiteElo "1937"]
[WhiteRD "117"]
[BlackElo "2339"]
[BlackRD "87"]
[GameID "147459"]

1. e4 c5 2. Nf3 Nc6 3. Bb5 g6 4. Bxc6 dxc6 5. d3 Bg7 6. h3 Nf6 7. Nc3 O-O 8. Be3 b6 9. Qd2 e5 10. Bh6 Qd6
11. O-O-O Be6 12. Bxg7 Kxg7 13. Qg5 Nd7 14. Qg3 b5 15. d4 b4 16. dxe5 Qe7 17. Ne2 Bxa2 18. b3 a5 19. Qg5 Qxg5+ 20. Nxg5 Nb6
21. Kb2 a4 22. Ra1 Nc4+ 23. bxc4 Bxc4 24. Rae1 a3+ 25. Ka1 Bb5 26. Nf4 h6 27. Nf3 c4 28. Rd1 Rfb8 29. e6 Ba4 30. Rd7 Bxc2
31. Nd4 b3 32. Nxc2 a2 33. Rxf7+ Kg8 34. Kb2 c3+ 35. Kxc3 b2 36. Nxg6 b1=Q 37. Rxb1 axb1=Q 38. Ne7+ Kh8 39. Ng6+ Kg8= 40. Ne7+ Kh8
41. Ng6+ Kg8 42. Ne7+
1/2-1/2

[Event "Ladder Tournament #50 Large"]
[Site "SchemingMind.com"]
[Date "2008.05.10"]
[Round "-"]
[White "krueger"]
[Black "Tahur"]
[Result "1-0"]
[WhiteCountry "USA"]
[BlackCountry "ARG"]
[WhiteElo "2152"]
[WhiteRD "84"]
[BlackElo "1981"]
[BlackRD "58"]
[GameID "153720"]

1. e4 c5 2. Nf3 d6 3. d4 cxd4 4. Nxd4 Nf6 5. Nc3 Nc6 6. Bc4 e6 7. Be3 Bd7 8. Qe2 Ne5 9. Bb3 Nfg4 10. Bf4 g5
11. Bg3 h5 12. h4 gxh4 13. Bxh4 Be7 14. Bxe7 Qxe7 15. f3 Nf6 16. g4 Rh7 17. g5 Ng8 18. f4 Ng6 19. Qf2 Rd8 20. Nde2 b6
21. O-O-O Rc8 22. Kb1 Rc6 23. f5 Ne5 24. f6 Qf8 25. Nb5 a6 26. Nbd4 Rc5 27. Nf3 Nxf3 28. Qxf3 Rxg5 29. e5 d5 30. Qe3 Rg4
31. Qxb6 Qb4 32. Qc7 Qb5 33. Nd4 Rxd4 34. Rxd4 Qc6 35. Qb8+ Qc8 36. Rb4 Qd8 37. Qd6 Bb5 38. a4 Qxd6 39. exd6 Kd7 40. axb5 axb5
41. Rxb5 Kxd6 42. Rf1 Ke5 43. c4 Nxf6 44. cxd5 Nxd5 45. Bxd5 exd5 46. Rd1 h4 47. Rdxd5+ Kf4 48. Rh5 Rxh5 49. Rxh5 Kg4 50. Rh8 f5
51. b4 f4 52. b5 f3 53. b6 h3 54. Rg8+ Kh4 55. Rg1 f2 56. Rc1 Kg3 57. b7 Kg2 58. b8=Q f1=Q 59. Rxf1 Kxf1 60. Qh2
1-0

[Event "Ladder Tournament #50 Large"]
[Site "SchemingMind.com"]
[Date "2008.05.10"]
[Round "-"]
[White "Tahur"]
[Black "krueger"]
[Result "0-1"]
[WhiteCountry "ARG"]
[BlackCountry "USA"]
[WhiteElo "2005"]
[WhiteRD "60"]
[BlackElo "2161"]
[BlackRD "85"]
[GameID "153728"]

1. e4 e6 2. d4 d5 3. Nc3 Bb4 4. e5 Ne7 5. Bd2 c5 6. a3 Bxc3 7. bxc3 Nbc6 8. Nf3 Nf5 9. g4 Nh4 10. Nxh4 Qxh4
11. Bb5 Bd7 12. Rb1 h5 13. c4 a6 14. Ba4 b5 15. cxb5 Nxd4 16. c3 axb5 17. cxd4 Rxa4 18. Qe2 Qxg4 19. Qxg4 hxg4 20. dxc5 Rh5
21. Bb4 Rxe5+ 22. Kd2 Rh5 23. Rb3 e5 24. Re3 d4 25. Rg3 Bc6 26. Re1 e4 27. Rxg4 Rxh2 28. Rexe4+ Bxe4 29. Rxe4+ Kd7 30. Rxd4+ Kc7
31. Ke2 Ra6 32. Rd6 Rxd6 33. cxd6+ Kc6 34. Ke3 g5 35. Kf3 Rh4 36. Ke3 f5 37. Kf3 Rxb4 38. axb4= Kxd6 39. Ke3 Kd5 40. Kd3 Ke5
41. f3 g4 42. Ke3 f4+ 43. Kf2 g3+ 44. Kf1 Kd4 45. Kg2 Ke3 46. Kg1 Kxf3 47. Kf1 Ke3 48. Kg2 Ke2 49. Kg1 f3 50. Kh1 f2
51. Kg2 f1=Q+
0-1

[Event "Ladder Tournament #50 Large"]
[Site "SchemingMind.com"]
[Date "2008.06.17"]
[Round "-"]
[White "griffimv"]
[Black "eraymond"]
[Result "0-1"]
[WhiteCountry "INT"]
[BlackCountry "CAN"]
[WhiteElo "2236"]
[WhiteRD "85"]
[BlackElo "2309"]
[BlackRD "89"]
[GameID "159080"]

1. e4 e5 2. Nf3 Nc6 3. Bb5 a6 4. Ba4 Nf6 5. O-O Nxe4 6. d4 b5 7. Bb3 d5 8. dxe5 Be6 9. Nbd2 Nc5 10. c3 Nxb3
11. Nxb3 Be7 12. Nfd4 Qd7 13. f4 Nxd4 14. Nxd4 c5 15. f5 cxd4 16. fxe6 Qxe6 17. cxd4 O-O 18. Bf4 f6 19. Qb3 fxe5 20. Bxe5 Rxf1+
21. Rxf1 Rf8 22. Rxf8+ Bxf8 23. Qc3 g5 24. b3 b4 25. Qd2 h6 26. Qc2 g4 27. Qc1 Kf7 28. Qf4+ Ke8 29. Qe3 Bd6 30. Kf2 Be7
31. Qd3 Bg5 32. Qc2 Kf8 33. Kf1 h5 34. Ke2 Kg8 35. Ke1 Bh4+ 36. Kd1 Bd8 37. Qe2 Kf7 38. Qd3 Qg6 39. Kd2 Bf6 40. Qxa6 Bg5+
0-1

[Event "Ladder Tournament #50 Large"]
[Site "SchemingMind.com"]
[Date "2008.06.17"]
[Round "-"]
[White "eraymond"]
[Black "griffimv"]
[Result "1-0"]
[WhiteCountry "CAN"]
[BlackCountry "INT"]
[WhiteElo "2309"]
[WhiteRD "89"]
[BlackElo "2236"]
[BlackRD "85"]
[GameID "159089"]

1. e4 c5 2. Nf3 d6 3. d4 cxd4 4. Nxd4 Nf6 5. Nc3 a6 6. Be2 e5 7. Nb3 Be7 8. O-O O-O 9. Be3 Be6 10. Qd3 Nbd7
11. Nd5 Bxd5 12. exd5 Nc5 13. Qd2 Nfe4 14. Qb4 a5 15. Qb5 Qc7 16. Rad1 f5 17. Nxc5 Nxc5 18. a4 Rac8 19. c3 Bf6 20. f3 Rfe8
21. Rfe1 f4 22. Bf2 Re7 23. Bf1 b6 24. g3 fxg3 25. hxg3 Ra8 26. b4 axb4 27. cxb4 Nxa4 28. Ra1 Qc2 29. Re2 Qb3 30. Qc6 Rea7
31. Bxb6 Ra6 32. b5 e4 33. Rxe4 Rf8 34. bxa6 Nxb6 35. Rae1 Be5 36. Kh2 Rc8 37. R1e3 Qa2+ 38. Re2 Qxa6 39. Rxe5 dxe5 40. Qe6+ Kh8
41. Rxe5 Qa2+ 42. Be2 Rf8 43. Qxb6 Qa8 44. Qd4
1-0

[Event "Ladder Tournament #50 Large"]
[Site "SchemingMind.com"]
[Date "2008.07.13"]
[Round "-"]
[White "GrischukFan"]
[Black "flodur"]
[Result "1/2-1/2"]
[WhiteCountry "GER"]
[BlackCountry "AUS"]
[WhiteElo "2248"]
[WhiteRD "86"]
[BlackElo "2046"]
[BlackRD "96"]
[GameID "162610"]

1. Nf3 c5 2. e4 Nc6 3. d4 cxd4 4. Nxd4 Nf6 5. Nc3 e5 6. Ndb5 d6 7. Bg5 a6 8. Na3 b5 9. Nd5 Be7 10. Bxf6 Bxf6
11. c3 O-O 12. Nc2 Bg5 13. a4 bxa4 14. Rxa4 Rb8 15. b4 a5 16. b5 Ne7 17. Nce3 Bxe3 18. Nxe3 Qc7 19. Bd3 Qxc3+ 20. Qd2 Qxd2+
21. Kxd2 Be6 22. Rxa5 Rfd8 23. Rc1 d5 24. exd5 Nxd5 25. Nxd5=
1/2-1/2

[Event "Ladder Tournament #50 Large"]
[Site "SchemingMind.com"]
[Date "2008.07.13"]
[Round "-"]
[White "flodur"]
[Black "GrischukFan"]
[Result "0-1"]
[WhiteCountry "AUS"]
[BlackCountry "GER"]
[WhiteElo "2046"]
[WhiteRD "96"]
[BlackElo "2248"]
[BlackRD "86"]
[GameID "162618"]

1. e4 e6 2. d4 d5 3. Nc3 Bb4 4. e5 c5 5. a3 Bxc3+ 6. bxc3 Ne7 7. Qg4 O-O 8. Bd3 Nbc6 9. Qh5 Nf5 10. Nf3 f6
11. g4 c4 12. Rg1 cxd3 13. gxf5 Ne7 14. exf6 Rxf6 15. cxd3 Rxf5 16. Qg4 Ng6 17. Ne5 Qc7 18. Nxg6 Qxc3+ 19. Ke2 hxg6 20. Ra2 e5
21. Qxg6 Rf7 22. Bh6 Bf5
0-1

[Event "Ladder Tournament #50 Large"]
[Site "SchemingMind.com"]
[Date "2008.10.30"]
[Round "-"]
[White "eraymond"]
[Black "JasonY1982"]
[Result "1-0"]
[WhiteCountry "CAN"]
[BlackCountry "USA"]
[WhiteElo "2273"]
[WhiteRD "82"]
[BlackElo "2046"]
[BlackRD "69"]
[GameID "176679"]

1. e4 c5 2. Nf3 d6 3. d4 cxd4 4. Nxd4 Nf6 5. Nc3 a6 6. Bg5 e6 7. f4 Qc7 8. Qf3 b5 9. Bxf6 gxf6 10. a3 Bb7
11. Rd1 Nd7 12. Qh5 Ke7 13. Be2 Nc5 14. Ndxb5 axb5 15. Nxb5 Qb8 16. Nxd6 Qxd6 17. Rxd6 Nxe4 18. Rb6
1-0

[Event "Ladder Tournament #50 Large"]
[Site "SchemingMind.com"]
[Date "2008.10.30"]
[Round "-"]
[White "JasonY1982"]
[Black "eraymond"]
[Result "0-1"]
[WhiteCountry "USA"]
[BlackCountry "CAN"]
[WhiteElo "2035"]
[WhiteRD "71"]
[BlackElo "2268"]
[BlackRD "95"]
[GameID "176690"]

1. e4 e5 2. Nf3 Nc6 3. Bb5 a6 4. Ba4 Nf6 5. O-O Be7 6. Re1 b5 7. Bb3 d6 8. c3 O-O 9. h3 Na5 10. Bc2 c5
11. d4 Qc7 12. Nbd2 cxd4 13. cxd4 Nc6 14. d5 Nb4 15. Bb1 a5 16. a3 Na6 17. Nf1 Nc5 18. Ng3 Bd7 19. Bc2 b4 20. Be3 Rfb8
21. Rc1 bxa3 22. bxa3 Rb7 23. Nf5 Bxf5 24. exf5 Rd8 25. Ba4 e4 26. Nd2 Nxd5 27. Bxc5 dxc5 28. Nxe4 Nb6 29. Qc2 c4 30. Re3 Bf8
31. f6 g6 32. Rce1 Nd5 33. Rf3 Nf4 34. Rc3 Rd4 35. Rce3 Nd3 36. Rb1 Rxb1+ 37. Qxb1 Qf4 38. Bc6 Rxe4 39. Rxe4 Qxf2+ 40. Kh2 Bd6+
41. Kh1 h6 42. Qg1 Qb2 43. Re8+ Kh7
0-1

[Event "Ladder Tournament #50 Large"]
[Site "SchemingMind.com"]
[Date "2009.04.06"]
[Round "-"]
[White "spoke"]
[Black "eraymond"]
[Result "0-1"]
[WhiteCountry "GER"]
[BlackCountry "CAN"]
[WhiteElo "1776"]
[WhiteRD "64"]
[BlackElo "2274"]
[BlackRD "99"]
[GameID "199042"]

1. e4 e5 2. Nf3 Nc6 3. Bc4 Nf6 4. Ng5 d5 5. exd5 Na5 6. Bb5+ c6 7. dxc6 bxc6 8. Be2 h6 9. Nh3 Bc5 10. Nc3 O-O
11. d3 Nb7 12. Be3 Bxe3 13. fxe3 Bxh3 14. gxh3 Nd5 15. Nxd5 cxd5 16. O-O Qg5+ 17. Kh1 Qxe3 18. Bf3 e4 19. Qe2 Qxe2 20. Bxe2 Nc5
21. dxe4 Nxe4 22. Rf5 Rab8 23. Rb1 Nc3
0-1

[Event "Ladder Tournament #50 Large"]
[Site "SchemingMind.com"]
[Date "2009.04.03"]
[Round "-"]
[White "eraymond"]
[Black "spoke"]
[Result "1-0"]
[WhiteCountry "CAN"]
[BlackCountry "GER"]
[WhiteElo "2274"]
[WhiteRD "99"]
[BlackElo "1776"]
[BlackRD "64"]
[GameID "199045"]

1. e4 e5 2. Nf3 Nc6 3. Bc4 Nf6 4. Ng5 d5 5. exd5 Na5 6. Bb5+ c6 7. dxc6 bxc6 8. Be2 h6 9. Nf3 e4 10. Ne5 Bd6
11. d4 exd3 12. Nxd3 Qc7 13. b3 O-O 14. Bb2 Ne4 15. Nc3 f5 16. h3 Ba6 17. O-O Rad8 18. Qe1 c5 19. Nxe4 fxe4 20. Nf4 Bxe2
21. Nxe2 Nc6 22. Nc3 Nd4 23. Qxe4 Rde8 24. Qd3
1-0